00804cam a22002294a 45000010009000000050017000090080041000260200015000670200022000820400018001040820012001222450111001342600036002453000020002816500019003016500013003207000031003337000031003648560047003958560066004428560066005081190242820240201234833.0000203s2000 nyua b 001 0 eng  a0465031757 a0465031765 (pbk.) aDLCcDLCdDLC00a30622100aCulture matters :bhow values shape human progress /cLawrence E. Harrison, Samuel P. Huntington, editors. aNew York :bBasic Books,c2000. axxxiv, 348 p. : 0aSocial values. 0aCulture.1 aHuntington, Samuel P.eedt1 aHarrison, Lawrence E.eedt42uhttp://www.h-net.org/review/hrev-a0b8u0-aa42uhttp://www.loc.gov/catdir/enhancements/fy0832/00022951-b.html42uhttp://www.loc.gov/catdir/enhancements/fy0832/00022951-d.html